Statistics for The Lord of the Rings: The Two Towers Characters Quiz

Click here to take the quiz!

General Stats

  • This quiz has been taken 58 times
  • The average score is 20 of 23

Answer Stats

Actor/ActressDescriptionCharacter% Correct
Elijah WoodA young hobbit sent on a quest to destroy the One Ring, the burden of which is becoming heavierFrodo Baggins
100%
Christopher LeeAn Istari wizard waging war upon Rohan and devastating Fangorn Forest, who allied himself with Sauron in the previous filmSaruman the White
100%
Viggo MortensenThe heir-in-exile to Gondor's throne who has come to Rohan's defenceAragorn
100%
David WenhamA prince of the Stewards of Gondor and captain of the Ithilien Rangers, who captures Frodo, Sam and GollumFaramir
100%
Sean AstinFrodo's loyal hobbit gardener and companionSamwise "Sam" Gamgee
100%
Orlando BloomAn elven archer and one of Aragorn's companionsLegolas
100%
John Rhys-DaviesA dwarf warrior and one of Aragorn's companionsGimli
100%
Ian McKellenAn Istari wizard who fell fighting a Balrog and has now returned, more powerful than ever, to finish his taskGandalf the Grey / Gandalf the White
100%
Billy BoydA hobbit mistakenly captured by the Uruk-haiPeregrin "Pippin" Took
98%
Dominic MonaghanA distant cousin of Frodo's who is mistakenly captured along with Pippin by the Uruk-haiMeriadoc "Merry" Brandybuck
98%
Bernard HillThe King of Rohan, who is under Saruman's spell until Gandalf heals him so he can lead his people once moreTheoden
98%
John Rhys-DaviesThe leader of the ents, who is roused to anger after seeing that Saruman had decimated a large part of Fangorn ForestTreebeard
98%
Cate BlanchettThe Elven-Queen of Lothlórien, who discusses Middle-earth's future with ElrondGaladriel
98%
Liv TylerAn elven princess of Rivendell and Aragorn's true loveArwen
96%
Hugo WeavingThe Elven-Lord of Rivendell who expresses doubt over his daughter's love for AragornElrond
94%
Andy SerkisA wretched hobbit-like creature who owned the Ring for five centuries and now guides Frodo on his questGollum / Smeagol
92%
Miranda OttoThéoden's niece, who is in love with AragornEowyn
90%
Brad DourifAn agent of Saruman at Edoras, who renders Théoden incapable of decisions, and desires ÉowynGrima Wormtongue
90%
Karl UrbanThéoden's nephew and previous Chief Marshal of the Riddermark who was exiled by GrímaEomer
90%
Craig ParkerThe leader of the Lórien Elves sent by Elrond and Galadriel to defend Helm's DeepHaldir of Lorien
71%
John LeighThe loyal doorwarden of the Golden Hall and a majordomo of ThéodenHama
60%
Bruce HopkinsThéoden's chief lieutenant and a skilled member of the Royal Guard of RohanGamling
46%
John BachFaramir's closest aide, who informs him of battle preparationsMadril
15%

Score Distribution

Percentile by Number Answered

Percent of People with Each Score

Your Score History

You have not taken this quiz